000 00187 a2200097 4500
020 _a9780764222122
041 _aeng
100 _aLewis, baverly
245 _aThe crossroad
942 _cBK
999 _c11543
_d11543